[Event "47th GER-ch Blitz 2020"]
[Site "Magdeburg"]
[Date "2020.08.15"]
[Round "28.10"]
[White "Wichmann, Cliff"]
[Black "Hess, Max"]
[Result "1/2-1/2"]
[WhiteElo "2305"]
[BlackElo "2378"]
[Annotator "ChessBase"]
[PlyCount "74"]
[EventDate "2020.07.28"]
[EventType "tourn"]
[EventCountry "GER"]
[SourceTitle "playchess.com"]
[Source "ChessBase"]
[SourceQuality "1"]
[TimeControl "180+2"]

1. d4 {[%emt 0:00:00]} Nf6 {[%emt 0:00:00]} 2. c4 {[%emt 0:00:00]} g6 {[%emt 0:00:00]} 3. Nc3 {[%emt 0:00:00]} Bg7 {[%emt 0:00:00]} 4. e4 {[%emt 0:00:01]} d6 {[%emt 0:00:00]} 5. Nf3 {[%emt 0:00:01]} O-O {[%emt 0:00:02]} 6. Be2 {[%emt 0:00:00]} Nbd7 {[%emt 0:00:01]} 7. e5 {[%emt 0:00:01]} dxe5 {[%emt 0:00:05]} 8. dxe5 {[%emt 0:00:01]} Ng4 {[%emt 0:00:02]} 9. e6 {[%emt 0:00:01]} fxe6 {[%emt 0:00:04]} 10. O-O {[%emt 0:00:02]} Nde5 {[%emt 0:00:24]} 11. Qc2 {[%emt 0:00:07]} Nxf3+ {[%emt 0:00:13]} 12. Bxf3 {[%emt 0:00:01]} Rxf3 {[%emt 0:00:01]} 13. gxf3 {[%emt 0:00:01]} Ne5 {[%emt 0:00:01]} 14. Qe4 {[%emt 0:00:10]} Bd7 {[%emt 0:00:05]} 15. Rd1 {[%emt 0:00:42]} Qe8 {[%emt 0:00:10]} 16. Rxd7 {[%emt 0:00:05]} Qxd7 {[%emt 0:00:02]} 17. Bf4 {[%emt 0:00:03]} Qd3 {[%emt 0:00:08]} 18. Qxb7 {[%emt 0:00:15]} Nxf3+ {[%emt 0:00:09]} 19. Kh1 {[%emt 0:00:03]} Rf8 {[%emt 0:00:05]} 20. Rd1 {[%emt 0:00:08]} Qxc4 {[%emt 0:00:06]} 21. Qxf3 {[%emt 0:00:08]} Rxf4 {[%emt 0:00:09]} 22. Qe3 {[%emt 0:01:05]} Bxc3 {[%emt 0:00:47]} 23. Qxc3 {[%emt 0:00:20]} Qe4+ {[%emt 0:00:11]} 24. Kg1 {[%emt 0:00:11]} Rg4+ {[%emt 0:00:03]} 25. Kf1 {[%emt 0:00:00]} Qg2+ {[%emt 0:00:04]} 26. Ke2 {[%emt 0:00:02]} Re4+ {[%emt 0:00:00]} 27. Kd3 {[%emt 0:00:03]} Qf3+ {[%emt 0:00:03]} 28. Kc2 {[%emt 0:00:01]} Qxf2+ {[%emt 0:00:04]} 29. Rd2 {[%emt 0:00:04]} Re2 {[%emt 0:00:03]} 30. Rxe2 {[%emt 0:00:03]} Qxe2+ {[%emt 0:00:01]} 31. Kb3 {[%emt 0:00:01]} Qb5+ {[%emt 0:00:04]} 32. Kc2 {[%emt 0:00:04]} c6 {[%emt 0:00:05]} 33. Qe3 {[%emt 0:00:05]} Qc4+ {[%emt 0:00:04]} 34. Kb1 {[%emt 0:00:07]} a5 {[%emt 0:00:03]} 35. b3 {[%emt 0:00:03]} Qd5 {[%emt 0:00:02]} 36. h3 {[%emt 0:00:03]} e5 {[%emt 0:00:03]} 37. Qa7 {[%emt 0:00:03]} Qd1+ 1/2-1/2

[Event "47th GER-ch Blitz 2020"]
[Site "Magdeburg"]
[Date "2020.08.15"]
[Round "28.11"]
[White "Zelbel, Patrick"]
[Black "Siebarth, Raiko"]
[Result "1/2-1/2"]
[WhiteElo "2448"]
[BlackElo "2333"]
[Annotator "ChessBase"]
[PlyCount "90"]
[EventDate "2020.07.28"]
[EventType "tourn"]
[EventCountry "GER"]
[SourceTitle "playchess.com"]
[Source "ChessBase"]
[SourceQuality "1"]
[TimeControl "180+2"]

1. e4 {[%emt 0:00:00]} c5 {[%emt 0:00:00]} 2. c3 {[%emt 0:00:00]} Nf6 {[%emt 0:00:00]} 3. e5 Nd5 4. Bc4 {[%emt 0:00:00]} Nb6 {[%emt 0:00:05]} 5. Bb3 {[%emt 0:00:01]} e6 {[%emt 0:00:05]} 6. d4 {[%emt 0:00:04]} cxd4 {[%emt 0:00:02]} 7. cxd4 {[%emt 0:00:00]} d6 {[%emt 0:00:00]} 8. Qe2 {[%emt 0:00:08]} dxe5 {[%emt 0:00:07]} 9. dxe5 {[%emt 0:00:02]} Nc6 {[%emt 0:00:01]} 10. Nf3 {[%emt 0:00:02]} h6 {[%emt 0:00:25]} 11. O-O {[%emt 0:00:02]} g5 {[%emt 0:00:02]} 12. h3 {[%emt 0:00:11]} Rg8 {[%emt 0:00:01]} 13. Rd1 {[%emt 0:00:05]} Qc7 {[%emt 0:00:01]} 14. Nc3 {[%emt 0:00:06]} a6 {[%emt 0:00:01]} 15. Ne4 {[%emt 0:00:11]} Be7 {[%emt 0:00:07]} 16. Nd6+ {[%emt 0:00:24]} Kf8 {[%emt 0:00:03]} 17. h4 {[%emt 0:00:59]} Nd7 {[%emt 0:00:03]} 18. hxg5 {[%emt 0:00:14]} hxg5 {[%emt 0:00:07]} 19. Qe4 {[%emt 0:00:45]} Ndxe5 {[%emt 0:00:26]} 20. Nxe5 {[%emt 0:00:04]} Bxd6 {[%emt 0:00:02]} 21. Nxf7 {[%emt 0:00:09]} Bh2+ {[%emt 0:00:12]} 22. Kh1 {[%emt 0:00:01]} Qxf7 {[%emt 0:00:01]} 23. Kxh2 {[%emt 0:00:08]} Qxf2 {[%emt 0:00:08]} 24. Qf3+ {[%emt 0:00:04]} Qxf3 {[%emt 0:00:02]} 25. gxf3 {[%emt 0:00:01]} Ke7 {[%emt 0:00:04]} 26. Be3 {[%emt 0:00:05]} g4 {[%emt 0:00:08]} 27. Bc5+ {[%emt 0:00:02]} Kf7 {[%emt 0:00:04]} 28. fxg4 {[%emt 0:00:01]} Rxg4 {[%emt 0:00:00]} 29. Rf1+ {[%emt 0:00:00]} Kg6 {[%emt 0:00:06]} 30. Bc2+ {[%emt 0:00:02]} Kg7 {[%emt 0:00:03]} 31. Rg1 {[%emt 0:00:02]} e5 {[%emt 0:00:02]} 32. Rxg4+ {[%emt 0:00:01]} Bxg4 {[%emt 0:00:00]} 33. Rg1 {[%emt 0:00:01]} Rh8+ {[%emt 0:00:01]} 34. Kg3 {[%emt 0:00:01]} Be6 {[%emt 0:00:02]} 35. b3 {[%emt 0:00:08]} Rc8 {[%emt 0:00:07]} 36. Be4 {[%emt 0:00:02]} Nd8 {[%emt 0:00:06]} 37. Be3 {[%emt 0:00:04]} Rc3 {[%emt 0:00:06]} 38. Kf2+ {[%emt 0:00:00]} Kf8 {[%emt 0:00:02]} 39. Bh6+ {[%emt 0:00:02]} Ke8 {[%emt 0:00:01]} 40. Bg7 {[%emt 0:00:03]} Nf7 {[%emt 0:00:02]} 41. Bg6 {[%emt 0:00:01]} Ke7 {[%emt 0:00:03]} 42. Re1 {[%emt 0:00:01]} Kd7 {[%emt 0:00:06]} 43. Bxf7 {[%emt 0:00:01]} Bxf7 {[%emt 0:00:01]} 44. Bxe5 {[%emt 0:00:01]} Rc2+ {[%emt 0:00:00]} 45. Re2 {[%emt 0:00:01]} Rxe2+ {[%emt 0:00:05]} 1/2-1/2

[Event "47th GER-ch Blitz 2020"]
[Site "Magdeburg"]
[Date "2020.08.15"]
[Round "28.12"]
[White "Dobrikov, Marco"]
[Black "Schneider, Ilja"]
[Result "1/2-1/2"]
[WhiteElo "2290"]
[BlackElo "2479"]
[Annotator "ChessBase"]
[PlyCount "127"]
[EventDate "2020.07.28"]
[EventType "tourn"]
[EventCountry "GER"]
[SourceTitle "playchess.com"]
[Source "ChessBase"]
[SourceQuality "1"]
[TimeControl "180+2"]

1. b3 {[%emt 0:00:01]} d5 {[%emt 0:00:00]} 2. Bb2 {[%emt 0:00:02]} Bg4 {[%emt 0:00:00]} 3. h3 {[%emt 0:00:03]} Bh5 {[%emt 0:00:00]} 4. g4 {[%emt 0:00:01]} Bg6 {[%emt 0:00:01]} 5. Bg2 {[%emt 0:00:02]} c6 {[%emt 0:00:01]} 6. d3 {[%emt 0:00:03]} Nd7 {[%emt 0:00:01]} 7. Nd2 {[%emt 0:00:04]} e5 {[%emt 0:00:03]} 8. e3 {[%emt 0:00:02]} h5 {[%emt 0:00:05]} 9. Ngf3 {[%emt 0:00:08]} Bd6 {[%emt 0:00:13]} 10. Qe2 {[%emt 0:00:03]} hxg4 {[%emt 0:00:23]} 11. hxg4 {[%emt 0:00:01]} Rxh1+ {[%emt 0:00:01]} 12. Bxh1 {[%emt 0:00:01]} Ngf6 {[%emt 0:00:01]} 13. g5 {[%emt 0:00:02]} Nh7 {[%emt 0:00:03]} 14. O-O-O {[%emt 0:00:12]} Nxg5 {[%emt 0:00:01]} 15. Nxg5 {[%emt 0:00:06]} Qxg5 {[%emt 0:00:02]} 16. Kb1 {[%emt 0:00:05]} O-O-O {[%emt 0:00:06]} 17. Nf3 {[%emt 0:00:14]} Qf6 {[%emt 0:00:11]} 18. Rg1 {[%emt 0:00:02]} Rh8 {[%emt 0:00:22]} 19. Bg2 {[%emt 0:00:07]} Kb8 {[%emt 0:00:06]} 20. Nd2 {[%emt 0:00:11]} Bh5 {[%emt 0:00:15]} 21. Bf3 {[%emt 0:00:05]} Bxf3 {[%emt 0:00:01]} 22. Nxf3 {[%emt 0:00:02]} Rh3 {[%emt 0:00:10]} 23. Rg3 {[%emt 0:00:27]} Rxg3 {[%emt 0:00:13]} 24. fxg3 {[%emt 0:00:01]} Qg6 {[%emt 0:00:11]} 25. Qf2 {[%emt 0:00:10]} e4 {[%emt 0:00:23]} 26. dxe4 {[%emt 0:00:01]} dxe4 {[%emt 0:00:02]} 27. Nh4 {[%emt 0:00:19]} Bxg3 {[%emt 0:00:38]} 28. Qd2 {[%emt 0:00:28]} Qe6 {[%emt 0:00:03]} 29. Ng2 {[%emt 0:00:05]} f6 {[%emt 0:00:08]} 30. Qd4 {[%emt 0:00:09]} Qd5 {[%emt 0:00:03]} 31. Qb4 {[%emt 0:00:09]} Bd6 {[%emt 0:00:01]} 32. Qe1 {[%emt 0:00:01]} a6 {[%emt 0:00:02]} 33. Nh4 {[%emt 0:00:02]} g5 {[%emt 0:00:01]} 34. Ng2 {[%emt 0:00:04]} Be5 {[%emt 0:00:01]} 35. Ba3 {[%emt 0:00:02]} f5 {[%emt 0:00:03]} 36. Be7 {[%emt 0:00:03]} Bf6 {[%emt 0:00:03]} 37. Bxf6 {[%emt 0:00:02]} Nxf6 {[%emt 0:00:01]} 38. Qg3+ {[%emt 0:00:01]} Ka7 {[%emt 0:00:07]} 39. Qxg5 {[%emt 0:00:01]} Nd7 {[%emt 0:00:03]} 40. Nh4 {[%emt 0:00:04]} Nb6 {[%emt 0:00:05]} 41. Qxf5 {[%emt 0:00:05]} Qd1+ {[%emt 0:00:02]} 42. Kb2 {[%emt 0:00:01]} Qh1 {[%emt 0:00:02]} 43. Ng6 {[%emt 0:00:05]} Qf3 {[%emt 0:00:00]} 44. Qc5 {[%emt 0:00:04]} Qf6+ {[%emt 0:00:01]} 45. Ne5 {[%emt 0:00:02]} Ka8 {[%emt 0:00:02]} 46. Qxb6 {[%emt 0:00:05]} Qxe5+ {[%emt 0:00:01]} 47. Kb1 {[%emt 0:00:02]} Qd5 {[%emt 0:00:02]} 48. Qd4 {[%emt 0:00:05]} Qe6 {[%emt 0:00:05]} 49. Kb2 {[%emt 0:00:01]} Kb8 {[%emt 0:00:02]} 50. a4 {[%emt 0:00:01]} Kc8 {[%emt 0:00:01]} 51. Kc3 {[%emt 0:00:02]} Kc7 {[%emt 0:00:04]} 52. Qc4 {[%emt 0:00:05]} Qf6+ {[%emt 0:00:01]} 53. Qd4 {[%emt 0:00:03]} Qe6 {[%emt 0:00:01]} 54. a5 {[%emt 0:00:03]} Qf5 {[%emt 0:00:01]} 55. Qb6+ Kc8 56. Kb4 {[%emt 0:00:06]} Qd5 {[%emt 0:00:03]} 57. c4 {[%emt 0:00:05]} Qd2+ {[%emt 0:00:00]} 58. Ka3 {[%emt 0:00:02]} Qd6+ {[%emt 0:00:02]} 59. Qb4 {[%emt 0:00:06]} Qd3 {[%emt 0:00:07]} 60. Qf8+ {[%emt 0:00:02]} Kc7 {[%emt 0:00:01]} 61. Qe7+ {[%emt 0:00:01]} Kb8 {[%emt 0:00:02]} 62. Qf8+ {[%emt 0:00:02]} Kc7 {[%emt 0:00:03]} 63. Qe7+ {[%emt 0:00:01]} Kb8 {[%emt 0:00:01]} 64. Qf8+ {[%emt 0:00:03]} 1/2-1/2

[Event "47th GER-ch Blitz 2020"]
[Site "Magdeburg"]
[Date "2020.08.15"]
[Round "28.13"]
[White "Frischmann, Rick"]
[Black "Svane, Frederik"]
[Result "0-1"]
[WhiteElo "2347"]
[BlackElo "2421"]
[Annotator "ChessBase"]
[PlyCount "140"]
[EventDate "2020.07.28"]
[EventType "tourn"]
[EventCountry "GER"]
[SourceTitle "playchess.com"]
[Source "ChessBase"]
[SourceQuality "1"]
[TimeControl "180+2"]

1. e4 {[%emt 0:00:00]} c5 {[%emt 0:00:00]} 2. Nf3 {[%emt 0:00:01]} g6 {[%emt 0:00:00]} 3. d4 {[%emt 0:00:01]} cxd4 {[%emt 0:00:00]} 4. Qxd4 {[%emt 0:00:04]} Nf6 {[%emt 0:00:00]} 5. Nc3 {[%emt 0:00:01]} Nc6 {[%emt 0:00:02]} 6. Qa4 {[%emt 0:00:01]} d6 {[%emt 0:00:03]} 7. e5 {[%emt 0:00:01]} dxe5 {[%emt 0:00:01]} 8. Nxe5 {[%emt 0:00:01]} Bg7 {[%emt 0:00:01]} 9. Bb5 {[%emt 0:00:07]} O-O {[%emt 0:00:01]} 10. Nxc6 bxc6 {[%emt 0:00:01]} 11. Bxc6 {[%emt 0:00:06]} Bd7 {[%emt 0:00:01]} 12. O-O {[%emt 0:00:18]} Bxc6 {[%emt 0:00:15]} 13. Qxc6 {[%emt 0:00:01]} Rc8 {[%emt 0:00:01]} 14. Qa4 {[%emt 0:00:03]} Qb6 {[%emt 0:00:10]} 15. Qb3 {[%emt 0:00:03]} Qc6 {[%emt 0:00:24]} 16. h3 {[%emt 0:00:18]} Nd7 {[%emt 0:00:44]} 17. Nd5 {[%emt 0:00:20]} Rfe8 {[%emt 0:00:01]} 18. Bg5 {[%emt 0:00:15]} Nc5 {[%emt 0:00:10]} 19. Qc4 {[%emt 0:00:02]} Qb7 {[%emt 0:00:04]} 20. Rfd1 {[%emt 0:00:59]} Ne6 {[%emt 0:00:12]} 21. Qg4 {[%emt 0:00:07]} Nxg5 {[%emt 0:00:17]} 22. Qxg5 {[%emt 0:00:01]} Rxc2 {[%emt 0:00:01]} 23. Re1 {[%emt 0:00:15]} e6 {[%emt 0:00:03]} 24. Nf6+ {[%emt 0:00:00]} Bxf6 {[%emt 0:00:00]} 25. Qxf6 {[%emt 0:00:01]} Qxb2 {[%emt 0:00:03]} 26. Qh4 {[%emt 0:00:08]} Rec8 {[%emt 0:00:27]} 27. Red1 {[%emt 0:00:13]} Kg7 {[%emt 0:00:24]} 28. Rab1 {[%emt 0:00:12]} Qf6 {[%emt 0:00:10]} 29. Qg3 {[%emt 0:00:13]} R8c3 {[%emt 0:00:04]} 30. f3 {[%emt 0:00:02]} Rxa2 {[%emt 0:00:03]} 31. Rb7 {[%emt 0:00:01]} Rcc2 {[%emt 0:00:02]} 32. Rdd7 {[%emt 0:00:02]} Rxg2+ {[%emt 0:00:13]} 33. Qxg2 {[%emt 0:00:01]} Rxg2+ {[%emt 0:00:01]} 34. Kxg2 {[%emt 0:00:00]} a5 {[%emt 0:00:02]} 35. Ra7 {[%emt 0:00:02]} Qf5 {[%emt 0:00:02]} 36. Ra6 {[%emt 0:00:04]} a4 {[%emt 0:00:03]} 37. Rda7 {[%emt 0:00:01]} Qc2+ {[%emt 0:00:02]} 38. Kg3 {[%emt 0:00:01]} h5 {[%emt 0:00:02]} 39. Rxa4 {[%emt 0:00:01]} g5 {[%emt 0:00:02]} 40. h4 {[%emt 0:00:02]} Kg6 {[%emt 0:00:04]} 41. hxg5 {[%emt 0:00:02]} Qc5 {[%emt 0:00:03]} 42. R7a5 {[%emt 0:00:03]} Qg1+ {[%emt 0:00:01]} 43. Kh3 {[%emt 0:00:01]} Qh1+ {[%emt 0:00:02]} 44. Kg3 {[%emt 0:00:01]} Qg1+ {[%emt 0:00:01]} 45. Kh3 {[%emt 0:00:01]} Qe3 {[%emt 0:00:00]} 46. Kg3 {[%emt 0:00:04]} e5 {[%emt 0:00:01]} 47. Ra6+ {[%emt 0:00:06]} Kxg5 {[%emt 0:00:03]} 48. Ra8 {[%emt 0:00:03]} h4+ {[%emt 0:00:02]} 49. Kg2 {[%emt 0:00:00]} Qe2+ {[%emt 0:00:01]} 50. Kg1 {[%emt 0:00:02]} Qe1+ {[%emt 0:00:02]} 51. Kg2 {[%emt 0:00:06]} Qg3+ {[%emt 0:00:01]} 52. Kf1 {[%emt 0:00:01]} Qxf3+ {[%emt 0:00:01]} 53. Kg1 {[%emt 0:00:00]} Qg3+ {[%emt 0:00:02]} 54. Kh1 {[%emt 0:00:03]} Qf3+ {[%emt 0:00:02]} 55. Kg1 {[%emt 0:00:00]} h3 {[%emt 0:00:01]} 56. Rg8+ {[%emt 0:00:02]} Kf5 {[%emt 0:00:01]} 57. Rh4 {[%emt 0:00:05]} e4 {[%emt 0:00:04]} 58. Kh2 {[%emt 0:00:00]} e3 {[%emt 0:00:06]} 59. Rxh3 {[%emt 0:00:01]} Qf2+ {[%emt 0:00:01]} 60. Rg2 {[%emt 0:00:01]} Qf4+ {[%emt 0:00:01]} 61. Rhg3 {[%emt 0:00:07]} Ke4 {[%emt 0:00:03]} 62. Kg1 {[%emt 0:00:01]} f5 {[%emt 0:00:01]} 63. Rg8 {[%emt 0:00:02]} Kf3 {[%emt 0:00:01]} 64. Kf1 {[%emt 0:00:02]} Qc4+ {[%emt 0:00:03]} 65. Kg1 {[%emt 0:00:01]} f4 {[%emt 0:00:00]} 66. Rh8 {[%emt 0:00:01]} Qd4 {[%emt 0:00:00]} 67. Rh3+ {[%emt 0:00:03]} Ke4 {[%emt 0:00:00]} 68. Rh7 {[%emt 0:00:01]} e2+ {[%emt 0:00:00]} 69. Kh2 {[%emt 0:00:03]} e1=Q {[%emt 0:00:00]} 70. Re7+ {[%emt 0:00:01]} Qe5 {[%emt 0:00:00]} 0-1

[Event "47th GER-ch Blitz 2020"]
[Site "Magdeburg"]
[Date "2020.08.15"]
[Round "28.14"]
[White "Meier, Georg"]
[Black "Reichmann, Hendrik"]
[Result "1/2-1/2"]
[WhiteElo "2621"]
[BlackElo "2348"]
[Annotator "TA"]
[PlyCount "107"]
[EventDate "2020.07.28"]
[EventType "tourn"]
[EventCountry "GER"]
[SourceTitle "playchess.com"]
[Source "ChessBase"]
[SourceQuality "1"]

{[%evp 16,107,48,10,23,15,11,27,32,25,33,25,28,30,31,27,21,7,8,12,58,58,67,52,49,51,52,52,54,10,0,0,0,0,0,-7,52,47,50,39,59,55,60,30,30,30,50,50,50,30,30,30,30,18,47,18,47,18,56,47,56,47,47,47,47,47,47,38,38,38,62,62,79,86,79,79,99,59,59,62,240,20,24,20,34,34,99,99,99,99,99,99,99,99]} 1. Nf3 g6 2. g3 Bg7 3. d4 d6 4. Bg2 Nf6 5. O-O O-O 6. b3 c5 7. c4 cxd4 8. Nxd4 d5 9. Bb2 e5 {A49: 1 d4 Nf6 2 Nf3 g6 3 g3: Anti-King's Indian systems.} 10. Nf3 $1 {10.Nf3 scores better than 10.Nc2.} e4 11. Nd4 Nc6 {[#] White has an edge.} 12. Nxc6 $146 ({Predecessor:} 12. cxd5 Qxd5 13. Nxc6 Qxc6 14. Na3 Bf5 15. Rc1 Qe6 16. Rc4 Rfd8 17. Qc1 h5 18. Nb5 {1-0 (45) Jovanovic,D (2375)-Weinzettl,E (2274) Austria 2017}) 12... bxc6 13. cxd5 cxd5 14. Bd4 Be6 15. Nc3 Ng4 16. h3 Ne5 17. Rc1 Qa5 18. Qd2 Rac8 19. Nxe4 Nf3+ 20. Bxf3 Qxd2 21. Nxd2 Bxd4 22. Bg2 Bb2 23. Rxc8 Rxc8 24. Rd1 Rc2 25. Nf1 d4 (25... Rxe2 $11 26. Bxd5 Bxh3) 26. Rd2 $36 {[%mdl 2048] White is pushing.} Bf5 27. g4 Rxd2 28. Nxd2 Bc3 29. gxf5 {[#] aiming for Ne4.} (29. Ne4 {is more complex.} Bc8 30. Nc5 h5 31. Bb7 Be6 32. gxh5 gxh5 33. Kg2) 29... Bxd2 {[%mdl 4096] Endgame KB-KB} 30. Be4 Kf8 31. Kg2 Ke7 32. Kg3 Kf6 33. fxg6 hxg6 34. f4 Ke7 35. Bd3 a5 36. Kg4 Kf6 37. h4 Be1 38. Be4 Bd2 39. f5 Bc1 40. Bd3 Bd2 41. fxg6 fxg6 42. Bb5 Bc1 43. Kf3 Ke5 44. Bd3 Kf6 45. Ke4 Be3 46. Kd5 Bf2 47. a4 Bxh4 $2 {[#]} (47... Be1 $1 $14) 48. Kxd4 $2 (48. b4 $1 $18 {[%cal Rb4a5]} Be1 49. b5 (49. Kxd4 Bxb4 50. e4 Bd6 $11)) 48... Be1 49. Kd5 Bb4 50. e4 g5 ({Better is} 50... Bc3 $14) 51. e5+ $16 {White is better.} Ke7 52. Be2 Bd2 53. Bg4 Bb4 54. Ke4 {Accuracy: White = 80%, Black = 75%.} 1/2-1/2

[Event "47th GER-ch Blitz 2020"]
[Site "Magdeburg"]
[Date "2020.08.15"]
[Round "28.15"]
[White "Koch, Thomas"]
[Black "Svane, Rasmus"]
[Result "1/2-1/2"]
[WhiteElo "2461"]
[BlackElo "2613"]
[Annotator "TA"]
[PlyCount "212"]
[EventDate "2020.07.28"]
[EventType "tourn"]
[EventCountry "GER"]
[SourceTitle "playchess.com"]
[Source "ChessBase"]
[SourceQuality "1"]

{[%evp 14,212,7,7,7,7,0,0,0,-6,8,0,0,0,20,0,14,16,17,15,31,13,42,0,0,0,0,-7,0,-12,0,0,0,0,0,0,0,0,0,0,0,0,0,-144,0,0,0,0,75,0,0,0,0,0,0,0,0,0,0,0,0,0,0,0,0,0,0,0,0,0,0,0,0,0,5,5,10,0,2,0,0,-118,-118,-114,-81,-81,-81,-81,-81,-81,-81,-82,-81,-81,-81,-81,-81,-216,-81,-81,-81,-178,-81,-81,-81,-81,-81,-81,-81,-81,-72,-72,-72,-72,-72,-72,-72,-72,-72,-72,-72,-72,-72,-72,0,-72,-72,-72,-72,-72,-54,-54,-54,-72,-54,-72,-72,-72,-72,-72,-72,-72,-72,-72,0,-72,0,-72,0,-65,-65,-72,-72,-72,0,0,0,-72,0,-72,-72,-72,-72,-72,0,-72,-72,-72,-72,-72,0,-72,-72,-72,-54,-72,-54,-54,-54,-99,-99,-148,-142,-1576,-1303,-1154,-1168,-5065,-5065,-2391,-8,-8,-8,-4993,-4952,-5046,-4627,-4627,-4627,-4627,-2373]} 1. d4 d5 2. c4 e6 3. Nc3 a6 4. e3 Nf6 5. Nf3 dxc4 6. Bxc4 b5 7. Be2 Bb7 8. O-O Nbd7 {D26: Queen's Gambit Accepted: 4 e3 e6 5 Bxc5 c5 sidelines.} 9. b3 c5 10. Bb2 Bd6 {The position is equal.} 11. Rc1 Qb8 12. h3 O-O 13. a4 b4 14. Nb1 $1 Rd8 15. Nbd2 {[#]} a5 $146 ({Predecessor:} 15... Qa7 16. Nc4 Be7 17. Na5 Bd5 18. Bc4 Qc7 19. Bxd5 exd5 20. dxc5 Qxa5 21. c6 Nc5 22. Nd4 g6 23. Qf3 Nfe4 {0-1 (23) Johannesson,O (2232)-Neelotpal,D (2467) Pardubice 2016}) 16. Qc2 cxd4 17. Nxd4 h6 18. Nb5 Bh2+ 19. Kh1 Be5 20. Bxe5 Qxe5 21. Qc7 Qxc7 22. Rxc7 Nc5 23. Rd1 Rac8 24. Rxc8 Bxc8 25. Nc4 $36 {[%mdl 2048] White fights for an advantage.} Bd7 26. Nxa5 Ra8 27. Nc4 $1 Nxb3 28. Rb1 (28. Nb6 $11 Bxb5 29. axb5) 28... Nc5 ({Black should play} 28... Rxa4 $17 29. Nb6 Bxb5 30. Bxb5 Ra1 31. Rxa1 Nxa1) 29. Rxb4 $11 Nxa4 30. Bf3 Ra6 (30... Rb8 $11 {keeps the balance.} 31. Rxa4 Bxb5) 31. Nc7 (31. Bb7 $1 $16 {[%cal Rb7a6]} Nd5 32. Bxd5 exd5 33. Nc7) 31... Ra7 32. Nb5 Bxb5 33. Rxb5 Nc3 34. Rb8+ Kh7 35. Ne5 g6 36. g4 Kg7 37. Kg2 Rc7 38. h4 Nd7 39. Nxd7 Rxd7 {[%mdl 4096] Endgame KRB-KRN} 40. Rc8 Nb1 41. Bc6 Ra7 42. Be4 Nd2 43. Bd3 Nb3 44. Rc3 Rb7 45. Be4 Rb4 46. Bc2 Nd2 47. Bd3 (47. f3 $11) 47... Rxg4+ $17 {[%mdl 64] Double Attack} 48. Kh3 Rb4 (48... h5 {keeps more tension.} 49. Ba6 Nf3 50. Rc4 f5 51. Rc7+ Kf6) 49. Kg3 Kf6 50. Rc2 Ne4+ 51. Bxe4 Rxe4 {KR-KR} 52. Rc7 Rb4 53. Rd7 Rb1 54. Rc7 Rg1+ 55. Kf3 (55. Kh3 $17 {is a better defense.}) 55... Rh1 (55... h5 $1 $19 {is more deadly. ...Rg4 is the strong threat.} 56. Rc4 Ke7 57. Rc7+ Kf8) 56. Kg3 Ra1 57. Kf3 (57. f3 $17) 57... Ra4 (57... Rg1 $1 $19 58. Rc4 h5) 58. Kg3 h5 59. f3 Ra8 60. e4 Re8 61. Kf4 e5+ 62. Kg3 Re7 63. Rc6+ Re6 64. Rc7 Rd6 65. Rb7 Ke6 66. Ra7 Rc6 67. Rb7 Kf6 68. Rd7 Re6 (68... Rb6 $17) 69. Rb7 (69. Rc7 $1 $11 {remains equal.}) 69... Re7 70. Rb6+ {[#]} Kg7 $1 71. Rc6 f6 72. Rb6 Rf7 73. Re6 Kh6 74. Re8 Kh7 75. Re6 Kg7 76. Re8 Rc7 77. Re6 Rd7 78. Ra6 Rf7 79. Re6 $1 Kh6 80. Re8 $1 Kh7 81. Re6 $1 Kg8 82. Re8+ {[#]} Rf8 $1 {[%cal Rf8e8]} 83. Re7 Rf7 84. Re8+ $1 Kg7 85. Re6 $1 Rd7 86. Ra6 $1 Kf7 87. Rb6 Ke7 88. Ra6 Kf7 89. Rb6 $1 Ra7 90. Rc6 Kg7 91. Rb6 Rf7 92. Re6 $1 Rf8 93. Re7+ Kh6 94. Re6 g5 95. Re7 Rg8 96. Re6 Kg6 97. Ra6 Rd8 {Threatens to win with ...Rd3.} 98. Re6 $2 {[%mdl 8192]} (98. Ra3 $17) 98... Rd3 $19 99. hxg5 Kxg5 100. Ra6 h4+ 101. Kg2 h3+ $2 (101... Rd2+ $19 102. Kh3 Rf2) 102. Kg3 $1 $11 {[#]} h2 $1 {[%mdl 576] Deflection} 103. Kxh2 $2 {[%mdl 8192]} (103. Ra1 $11) 103... Rxf3 $19 {Black is clearly winning.} 104. Kg2 Rf4 105. Ra4 f5 106. Rb4 Rxe4 {[%mdl 32768] Accuracy: White = 79%, Black = 87%. . An unexpected result.} 1/2-1/2